KOHA-Header-6

Bureaucracy and Management in Pakistan (Record no. 1265)

000 -LEADER
fixed length control field 00308nam a2200121Ia 4500
008 - FIXED-LENGTH DATA ELEMENTS--GENERAL INFORMATION
fixed length control field 190723s9999 xx 000 0 und d
020 ## - INTERNATIONAL STANDARD BOOK NUMBER
International Standard Book Number 978-969-407-390-3
100 ## - MAIN ENTRY--PERSONAL NAME
Personal name Syed Abdul Quddus
245 #0 - TITLE STATEMENT
Title Bureaucracy and Management in Pakistan
260 ## - PUBLICATION, DISTRIBUTION, ETC. (IMPRINT)
Place of publication, distribution, etc Karachi
Name of publisher, distributor, etc Royal Book
300 ## - PHYSICAL DESCRIPTION
Extent 332
942 ## - ADDED ENTRY ELEMENTS (KOHA)
Koha item type Books
Holdings
Withdrawn status Lost status Source of classification or shelving scheme Damaged status Not for loan Collection code Permanent Location Current Location Shelving location Date acquired Full call number Barcode Date last seen Price effective from Koha item type
          English Literature MAJU MAJU Shelf No.A13 2019-07-23 354.54 7890 2019-07-23 2019-07-23 English Literature

Powered by Koha